Korea nation quiz - Statistics

General Stats
  • This quiz has been taken 11 times
  • The average score is 8 of 26
Answer Stats
Hint Answer % Correct
Line that splits Korea into two countries DMZ
80%
Honeymoon island Jeju
70%
Fermented vegetables kimchi
70%
Capital cities Seoul
70%
China
50%
Koreans who live in _____ are Zainichi Japan
50%
Credited with inventing the Korean writing system Sejong
50%
Year of independence 1945
40%
Abbreviation for the northern country DPRK
40%
Formal traditional clothes hanbok
40%
North Korea
40%
Pyeongyang
40%
Short name of the country in Korean Hanguk
30%
Abbreviation for the southern country ROK
30%
Entities whose representatives signed the armistice of the 1950-53 war UN
30%
Unofficial national anthem Arirang
20%
Sexual slaves for the military are known as ________ ______. Comfort Women
20%
Mountain of the island in the previous question Halla
20%
Mountain on the border between China and Korea Baekdu
10%
Hour-glass shaped drum changgo
10%
Hangawi is also known as ____________. Chuseok
10%
Cold noodles available in soup, spicy, with raw skate, etc naengmyun
10%
Indigenous heating system ondol
10%
Chosun
0%
Diamond Mountain Keumgang
0%
Lunar New Year Seolnal
0%
No matching quizzes found
Score Distribution
Percent of People with Each Score
Percentile by Number Answered
Your Score History
You have not taken this quiz